Sur Mars

Guardado en:
Detalles Bibliográficos
Autor principal: Lagrange, Pierre
Formato: Libro
Lenguaje:Vietnamese
Publicado: EDP Sciences 2003
Etiquetas: Agregar Etiqueta
Sin Etiquetas, Sea el primero en etiquetar este registro!
Thư viện lưu trữ: Mạng thư viện Đại học Đà Nẵng
LEADER 00606nam a2200253 4500
001 000021502
003 17950
005 20150422080403.0
008 150422s2003 viesd
020 |c 00 
041 0 |a vie 
082 1 4 |a 523,43  |b LA-P 
100 1 |a Lagrange, Pierre 
245 1 0 |a Sur Mars  |c Pierre Lagrange, Helene Huguet 
260 |b EDP Sciences  |c 2003 
300 |a tr.  |c cm. 
OWN |a LSP 
999 |a From the UDN01 
TYP |a Monograph 
TYP |a Printed language 
980 |a Mạng thư viện Đại học Đà Nẵng